[Event "Ideal Clave op 7th"]
[Site "Barcelona"]
[Date "2001.10.20"]
[Round "3"]
[White "Lopez, E."]
[Black "Martinez, Bernat"]
[Result "0-1"]
[WhiteElo "1890"]
[BlackElo "2000"]
[PlyCount "68"]
[EventDate "2001.09.29"]
[EventType "swiss"]
[EventRounds "8"]
[EventCountry "ESP"]
[SourceTitle "EXT 2003"]
[Source "ChessBase"]
[SourceDate "2002.11.25"]
[SourceVersion "1"]
[SourceVersionDate "2002.11.25"]
[SourceQuality "1"]

1. d4 d5 2. c4 c6 3. Nf3 Nf6 4. Nc3 a6 5. cxd5 cxd5 6. e3 e6 7. Bd3 Bd6 8. 0-0 0-0 9. a3 b5 10. Bd2 Bb7 11. Rc1 Nbd7 12. Na2 e5 13. dxe5 Nxe5 14. Nxe5 Bxe5 15. Bc3 d4 16. exd4 Qd5 17. f3 Bf4 18. Nb4 Qh5 19. h3 Qg5 20. Be1 Bxc1 21. Bf2 Be3 22. Nc2 Bxf2+ 23. Rxf2 Rae8 24. Kh2 Nd5 25. Be4 Ba8 26. Qf1 Ne3 27. Qd3 Bxe4 28. fxe4 Nxc2 29. Qxc2 Qe3 30. Kh1 Qxe4 31. Qd2 Qe1+ 32. Qxe1 Rxe1+ 33. Kh2 Rd1 34. Rf4 Rd8 0-1